| 000 | 00352nam a2200145Ia 4500 | ||
|---|---|---|---|
| 008 | 191201s2009 xx 000 0 und d | ||
| 082 |
_a660.6 _bDEB |
||
| 100 | _aDESWAL, Surender | ||
| 245 | 0 | _aBasics of Biotechnology | |
| 250 | _a1st | ||
| 260 |
_aN.Delhi _bDhanpat Rai Pub (P) Ltd _c2009 |
||
| 300 | _amiosc. | ||
| 650 | _aApplied | ||
| 942 |
_2ddc _cBK |
||
| 999 |
_c2471 _d2471 |
||